000 00585nam a2200217Ia 4500
005 20241129120223.0
008 241129s9999||||xx |||||||||||||| ||und||
020 _a9780143458517
037 _aTB
040 _aSDCL
_beng
_cSDCL
041 _aeng
_2eng
084 _aV2,4H'P, R2 LR
_qSDCL
100 _aPatel Aakar
_9729456
245 0 _aOur Hindu Rashtra : What it is How we Got Here
260 _aGurugram
_bVintage
_c2022
300 _axii,356p.
365 _aINR
_b499
650 _aReference
942 _cTB
_hV2,4H'P, R2 LR
999 _c1233869
_d1233869